000 00770nam a22002417a 4500
003 OSt
005 20221206150222.0
008 221206s2014 ck a|||br|||| 00| j spa d
040 _aCO-JMCR
_cCO-JMCR
041 0 _aspa
082 0 4 _aC /
_bMCCn
100 1 _aMcCormick, María Inés,
_eautora
_942255
245 1 3 _aEl niño que imaginó el futuro /
_cpor María Inés McCormick
246 1 3 _aEl espejo mágico
260 _aBogotá :
_bEcopetrol,
_c[2014]
300 _a[48] páginas :
_bilustraciones a color ;
_c22 cm
490 0 _aÉrase una vez...
500 _aCara y cruz
501 _aCon: El espejo mágico por Francisco Montaña Ibáñez
650 1 4 _aCuentos colombianos
700 1 _aMontaña Ibáñez, Francisco,
_eautor
_910018
942 _2ddc
_cBK
999 _c29780
_d16164